000 00883cam a2200205 4500
001 WB3802-33
008 020115n2002 000 0 eng u
035 _a(Sirsi) u116289
245 _aNFU fund for tenant farmers and rent reviews
260 _c2002
490 _aNFU Press Release
_v 8 January 2002, (1)
520 _aThe NFU has provided a fund of £20,000 to assist farmers considering rent reviews with the costs of professional advice. The "First Advice" facility will provide funding to farmers to pay for up to a full morning of consultancy from a qualified legal adviser, surveyor or land agent. Tenant farmers who want to use the scheme should contact their regional NFU office.
590 _aWB
650 _aPROFESSIONAL ADVICE
650 _aRENT REVIEWS
650 _aTENANT FARMERS
650 _aFINANCIAL ASSISTANCE
690 _aRural
_96268
942 _n0
999 _c69273
_d69273